[Event "Hotel Agro GM"]
[Site "Budapest"]
[Date "1999.08.01"]
[Round "3"]
[White "Tolnai, Tibor"]
[Black "Ruck, Robert"]
[Result "0-1"]
[WhiteElo "2514"]
[BlackElo "2485"]
[PlyCount "83"]
[EventDate "1999.08.05"]
[Source "ChessBase"]
[SourceDate "1999.12.01"]

1. e4 c5 2. Nf3 d6 3. d4 cxd4 4. Nxd4 Nf6 5. Nc3 Nc6 6. Bg5 Bd7 7. Be2 Qa5 8. Bxf6 gxf6 9. O-O Nxd4 10. Qxd4 Rc8 11. a4 Qc5 12. Qd2 Rg8 13. Bb5 Rg6 14. Ra3 e6 15. Bxd7+ Kxd7 16. Rb3 b6 17. Rb5 Qc4 18. a5 Rc5 19. axb6 Rxb5 20. Nxb5 Qxb5 21. bxa7 Qa6 22. Qd4 Be7 23. b3 Rg8 24. Ra1 Qc6 25. c4 Ra8 26. b4 Kc7 27. h3 Kb7 28. Ra5 e5 29. Qa1 Bd8 30. Rb5+ Bb6 31. Qf1 Kc7 32. c5 dxc5 33. bxc5 Bxc5 34. Kh1 Rxa7 35. Qc4 Kd6 36. Rb8 Bb6 37. Qb4+ Bc5 38. Qd2+ Bd4 39. Qh6 Kc5 40. Qf8+ Kc4 41. Rc8 Rc7 42. Rb8 0-1

[Event "AUT-chT 9495"]
[Site "Austria"]
[Date "1995.??.??"]
[Round "?"]
[White "Kindermann, Stefan"]
[Black "Robatsch, Karl"]
[Result "1-0"]
[WhiteElo "2585"]
[BlackElo "2410"]
[PlyCount "63"]
[EventDate "1994.??.??"]
[Source "ChessBase"]

1. e4 c5 2. Nf3 d6 3. d4 cxd4 4. Nxd4 Nf6 5. Nc3 Nc6 6. Bg5 Bd7 7. Be2 Qa5 8. Bxf6 gxf6 9. O-O Rg8 10. Nd5 Bh3 11. Bf3 O-O-O 12. Kh1 Bd7 13. a4 Nxd4 14. Qxd4 Be6 15. b4 Qa6 16. a5 Kb8 17. c4 Qc6 18. Qd3 Bg4 19. Rfc1 Qd7 20. Bxg4 Qxg4 21. g3 f5 22. exf5 Rg5 23. f4 Rxf5 24. Rf1 Qh3 25. Rf2 e6 26. Ne3 Rf6 27. a6 Rg6 28. c5 f5 29. axb7 Bg7 30. Rxa7 Kxa7 31. Ra2+ Kxb7 32. Qb5+ 1-0

[Event "Istanbul"]
[Site "?"]
[Date "1988.??.??"]
[Round "?"]
[White "Stoica, V."]
[Black "Kotronias, V."]
[Result "1-0"]
[WhiteElo "2445"]
[BlackElo "2550"]
[PlyCount "49"]
[EventDate "1988.??.??"]
[Source "ChessBase"]
[SourceDate "1988.07.01"]

1. e4 c5 2. Nf3 Nc6 3. d4 cxd4 4. Nxd4 Nf6 5. Nc3 d6 6. Bg5 Bd7 7. Be2 Qa5 8. Bxf6 gxf6 9. O-O Qe5 10. Nf3 Qc5 11. Nd5 Rc8 12. c3 a6 13. Nd4 Bg7 14. b4 Qa7 15. Bh5 Nxd4 16. cxd4 e6 17. Qg4 Kf8 18. Qf4 e5 19. dxe5 dxe5 20. Qf3 Rc6 21. Rac1 f5 22. exf5 Rg8 23. Bxf7 Kxf7 24. Qh5+ Kf8 25. Qh4 1-0

[Event "It (Men) Montreal CAN"]
[Site "?"]
[Date "2005.08.04"]
[Round "2"]
[White "Bluvshtein Mark"]
[Black "Tyomkin Dimitri"]
[Result "1-0"]
[WhiteElo "2525"]
[BlackElo "2467"]
[PlyCount "99"]
[EventDate "2005.??.??"]
[Source "www.chesslib.no"]
[SourceDate "2004.05.04"]

1. e4 c5 2. Nf3 Nc6 3. d4 cxd4 4. Nxd4 Nf6 5. Nc3 d6 6. Bg5 Bd7 7. Be2 Qa5 8. Bxf6 gxf6 9. O-O Bg7 10. Nb3 Qd8 11. Bg4 Ne5 12. Bxd7+ Qxd7 13. Nd4 e6 14. f4 Nc4 15. Qg4 Rg8 16. f5 Ne3 17. fxe6 fxe6 18. Qh5+ Qf7 19. Qb5+ Qd7 20. Rf3 f5 21. Nxe6 Bxc3 22. Rxe3 Qxb5 23. Nc7+ Kd7 24. Nxb5 Bxb2 25. Rd1 f4 26. Rxd6+ Ke7 27. Red3 Rad8 28. Kf2 a6 29. Rxd8 Rxd8 30. Rxd8 Kxd8 31. Nd6 Kc7 32. Nf7 Kb6 33. e5 Kc5 34. Kf3 Kb4 35. e6 Bf6 36. Kxf4 Ka3 37. g4 Kxa2 38. g5 Be7 39. h4 a5 40. h5 a4 41. g6 hxg6 42. hxg6 a3 43. g7 Kb2 44. g8=Q a2 45. Qh8+ Kb1 46. Qh1+ Kb2 47. Ne5 a1=Q 48. Nd3+ Ka2 49. Qd5+ Kb1 50. Qb3+ 1-0

[Event "JUG-chT playoff"]
[Site "Herceg Novi"]
[Date "2001.05.27"]
[Round "2.1"]
[White "Perunovic, Milos"]
[Black "Popovic, Petar"]
[Result "1/2-1/2"]
[WhiteElo "2471"]
[BlackElo "2518"]
[PlyCount "36"]
[EventDate "2001.05.25"]
[Source "ChessBase"]
[SourceDate "2001.07.03"]

1. e4 c5 2. Nf3 d6 3. d4 cxd4 4. Nxd4 Nf6 5. Nc3 Nc6 6. Bg5 Bd7 7. Bxf6 gxf6 8. Be2 e6 9. O-O a6 10. Kh1 Bg7 11. f4 O-O 12. Nxc6 Bxc6 13. Bd3 Qa5 14. a3 f5 15. exf5 Bxc3 16. bxc3 Qxc3 17. fxe6 fxe6 18. Qe2 Kh8 1/2-1/2

[Event "Moscow RUS"]
[Site "?"]
[Date "2005.02.23"]
[Round "9"]
[White "Frolyanov Dmitry"]
[Black "Annageldyev Orazly"]
[Result "1-0"]
[WhiteElo "2505"]
[BlackElo "2483"]
[PlyCount "91"]
[EventDate "2005.??.??"]
[Source "www.chesslib.no"]
[SourceDate "2004.05.04"]

1. e4 c5 2. Nf3 Nc6 3. d4 cxd4 4. Nxd4 Nf6 5. Nc3 d6 6. Bg5 Bd7 7. Nb3 a6 8. Bd3 e6 9. O-O Be7 10. f4 h6 11. Bh4 b5 12. Qe2 b4 13. Nd1 Qc7 14. Ne3 O-O 15. Kh1 a5 16. Bxf6 Bxf6 17. e5 Bxe5 18. fxe5 Nxe5 19. Nd4 Qc5 20. Nf3 Nxf3 21. Qxf3 f5 22. Rae1 Kh8 23. Qf2 Qc7 24. Nc4 Bb5 25. Qd4 Bxc4 26. Qxc4 Qxc4 27. Bxc4 e5 28. Rd1 Rf6 29. Rd5 Rc8 30. b3 a4 31. Rfd1 axb3 32. cxb3 Ra8 33. R1d2 e4 34. Rb5 f4 35. Kg1 e3 36. Rc2 g5 37. Be2 Rff8 38. Rxb4 d5 39. Bg4 h5 40. Bxh5 Rfc8 41. Rxc8+ Rxc8 42. h4 gxh4 43. Rxf4 h3 44. gxh3 Rc2 45. Rd4 Rxa2 46. Rxd5 1-0

[Event "Rubinstein Open, Polanica Zdroj POL"]
[Site "?"]
[Date "2001.??.??"]
[Round "9"]
[White "Staniszewski, Pi"]
[Black "Miroshnichenko, E."]
[Result "1/2-1/2"]
[WhiteElo "2450"]
[BlackElo "2535"]
[PlyCount "29"]
[EventDate "2001.??.??"]
[Source "www.chesslib.no"]
[SourceDate "2004.05.04"]

1. e4 c5 2. Nf3 d6 3. d4 Nf6 4. Nc3 cxd4 5. Nxd4 Nc6 6. Bg5 Bd7 7. Bxf6 gxf6 8. Nf5 Rc8 9. Bc4 Qa5 10. Bxf7+ Kxf7 11. Qh5+ Kg8 12. Qg4+ Kf7 13. Qh5+ Kg8 14. Qg4+ Kf7 15. Qh5+ 1/2-1/2

[Event "URS-ch U26"]
[Site "Kherson"]
[Date "1991.??.??"]
[Round "?"]
[White "Kruppa, Yuri"]
[Black "Sorokin, Maxim"]
[Result "1/2-1/2"]
[WhiteElo "2480"]
[BlackElo "2500"]
[PlyCount "122"]
[EventDate "1991.??.??"]
[Source "ChessBase"]

1. e4 c5 2. Nf3 Nc6 3. d4 cxd4 4. Nxd4 Nf6 5. Nc3 d6 6. Bg5 Bd7 7. Bc4 Qa5 8. Bxf6 gxf6 9. Nb3 Qg5 10. g3 f5 11. e5 O-O-O 12. exd6 e6 13. f4 Qf6 14. Qd2 Kb8 15. O-O-O Bc8 16. Qe3 Bxd6 17. Nb5 Qe7 18. Na5 Bc5 19. Nxc6+ bxc6 20. Qe5+ Kb7 21. Nc3 Bb6 22. Na4 f6 23. Qe2 Kc7 24. a3 Rxd1+ 25. Rxd1 Rd8 26. Re1 Rd4 27. Nxb6 axb6 28. Bd3 Qc5 29. Kb1 Qd6 30. Qh5 Qd7 31. Re3 c5 32. Qe2 Qc6 33. b3 Rd6 34. Ka2 Qh1 35. Kb2 Qd5 36. Qe1 Qd4+ 37. Ka2 Bd7 38. a4 Kd8 39. Re2 Qd5 40. Bc4 Qc6 41. Kb2 Kc7 42. Re3 Bc8 43. Qe2 Qd7 44. Bb5 Qe7 45. Qh5 e5 46. Qe2 e4 47. Qe1 Rd8 48. Re2 Qd6 49. Kc1 Qd4 50. c3 Qd6 51. Rd2 Qe7 52. Rxd8 Qxd8 53. Bc4 Qe7 54. Kd2 Be6 55. Qe2 Qf7 56. Bxe6 Qxe6 57. Qb5 h5 58. Ke2 Qd5 59. a5 bxa5 60. Qxa5+ Kd7 61. Qb5+ Kd6 1/2-1/2

[Event "Ostende op"]
[Site "Ostende"]
[Date "1991.??.??"]
[Round "4"]
[White "Mainka, Romuald"]
[Black "Cifuentes Parada, Roberto"]
[Result "1-0"]
[WhiteElo "2445"]
[BlackElo "2535"]
[PlyCount "89"]
[EventDate "1991.09.??"]
[Source "ChessBase"]

1. e4 c5 2. Nf3 Nc6 3. d4 cxd4 4. Nxd4 Nf6 5. Nc3 d6 6. Bg5 Bd7 7. Be2 Qa5 8. Bxf6 gxf6 9. O-O Nxd4 10. Qxd4 Rc8 11. a4 Qc5 12. Qd2 Rg8 13. Bb5 e6 14. Bxd7+ Kxd7 15. Ra3 a6 16. a5 Rc7 17. Na4 Qxc2 18. Qd4 Be7 19. g3 Ke8 20. Rc3 Rxc3 21. Nxc3 Qb3 22. Rc1 Kf8 23. Ne2 Rg5 24. Rc8+ Kg7 25. Rc7 Bd8 26. Rd7 Bxa5 27. Qxd6 e5 28. Qd5 Qxd5 29. Rxd5 Bb4 30. Kg2 f5 31. Rxe5 Rg6 32. Nf4 Rb6 33. Rxf5 Bd2 34. Nd3 Rb3 35. Rd5 b5 36. Kf1 Kf6 37. Ke2 Bh6 38. Kd1 a5 39. Kc2 a4 40. f4 Bg7 41. e5+ Ke7 42. f5 Bh6 43. Rd6 Be3 44. f6+ Kf8 45. e6 1-0

[Event "Bucuresti"]
[Site "?"]
[Date "1994.??.??"]
[Round "?"]
[White "Brodsky, M."]
[Black "Nevednichy, V."]
[Result "1/2-1/2"]
[WhiteElo "2500"]
[BlackElo "2480"]
[PlyCount "95"]
[EventDate "1994.??.??"]
[Source "ChessBase"]
[SourceDate "1994.02.01"]

1. e4 c5 2. Nf3 d6 3. d4 cxd4 4. Nxd4 Nf6 5. Nc3 Nc6 6. Bg5 Bd7 7. Bc4 Qa5 8. Bxf6 gxf6 9. Nb3 Qg5 10. g3 h5 11. f4 Qg4 12. Be2 Qg6 13. Qd2 f5 14. Bf3 fxe4 15. Bxe4 Bf5 16. Bxf5 Qxf5 17. O-O-O O-O-O 18. Nd5 Bg7 19. Na5 Rd7 20. Nc4 e6 21. Nce3 Qe4 22. Nc3 Qb4 23. a3 Bxc3 24. Qxc3 Qxc3 25. bxc3 d5 26. Rd3 b5 27. Re1 Rc7 28. Nf1 Na5 29. Nd2 Nc4 30. f5 Rh6 31. Nxc4 Rxc4 32. fxe6 fxe6 33. Rf3 h4 34. Kb2 hxg3 35. hxg3 Rc7 36. Rf4 Rg6 37. Re3 Kd7 38. a4 Kc6 39. axb5+ Kxb5 40. Rb4+ Kc5 41. Kb3 Rc6 42. c4 Rb6 43. Rxb6 dxc4+ 44. Kc3 axb6 45. Re5+ Kd6 46. Rb5 Kc6 47. Re5 Rxg3+ 48. Kxc4 1/2-1/2

[Event "Velammal 45th National A ch-IND"]
[Site "Chennai IND"]
[Date "2008.02.03"]
[Round "1"]
[White "Ganguly, S."]
[Black "Konguvel, P."]
[Result "1-0"]
[WhiteElo "2579"]
[BlackElo "2394"]
[PlyCount "85"]
[EventDate "2008.02.03"]
[Source "www.chesslib.no"]
[SourceDate "2004.05.04"]

1. e4 c5 2. Nf3 d6 3. d4 cxd4 4. Nxd4 Nf6 5. Nc3 Nc6 6. Bg5 Bd7 7. Be2 Qa5 8. Bxf6 gxf6 9. O-O Nxd4 10. Qxd4 Rc8 11. a4 Qc5 12. Qd2 a6 13. Bd3 Rg8 14. Kh1 Qh5 15. f4 f5 16. Be2 Qh4 17. exf5 Bg7 18. Bf3 Bxc3 19. bxc3 Qf6 20. Bxb7 Qxc3 21. Qxc3 Rxc3 22. Bxa6 Bc6 23. Rf2 Kd7 24. Bd3 Rc5 25. a5 Bb5 26. a6 Ra8 27. a7 Kc8 28. h4 Bxd3 29. cxd3 Rxf5 30. Rc2+ Kd7 31. Rb2 Kc7 32. d4 Rxf4 33. Rc1+ Kd7 34. Rb7+ Ke6 35. Ra1 Rxh4+ 36. Kg1 Rxd4 37. Rb8 Rxa7 38. Rxa7 Kf6 39. Kf2 Rc4 40. Rb3 Rc2+ 41. Kg3 Re2 42. Kf3 Re5 43. Re3 1-0

[Event "Geneve"]
[Site "Geneve"]
[Date "1990.??.??"]
[Round "2"]
[White "Kotronias, Vasilios"]
[Black "Miralles, Gilles"]
[Result "1-0"]
[WhiteElo "2510"]
[BlackElo "2460"]
[PlyCount "83"]
[EventDate "1990.11.??"]
[Source "ChessBase"]

1. e4 c5 2. Nf3 Nc6 3. d4 cxd4 4. Nxd4 Nf6 5. Nc3 d6 6. Bg5 Bd7 7. Be2 Qa5 8. Bxf6 gxf6 9. O-O Nxd4 10. Qxd4 Rc8 11. a4 Rg8 12. Bb5 Bh6 13. Ra3 Qb6 14. Qd3 Qd8 15. f4 Kf8 16. Kh1 Rc5 17. Nd5 Be6 18. Ne3 a6 19. Bc4 Qc8 20. Bd5 f5 21. Bxe6 fxe6 22. exf5 exf5 23. b4 Rc7 24. c4 Rg6 25. Nd5 Rxc4 26. Raa1 Re4 27. Rac1 Qe6 28. Rc7 Re1 29. Kg1 Qe4 30. Qxe4 Rxe4 31. Rxb7 Bg7 32. Rc1 Bd4+ 33. Kf1 Rge6 34. Rbc7 Re2 35. R7c2 Rxc2 36. Rxc2 Re4 37. g3 Kf7 38. Re2 Rxe2 39. Kxe2 Bg1 40. Nc7 Bxh2 41. Kf2 e5 42. Kg2 1-0

[Event "CZE-ch"]
[Site "Turnov"]
[Date "1996.??.??"]
[Round "9"]
[White "Mokry, Karel"]
[Black "Stocek, Jiri"]
[Result "1/2-1/2"]
[WhiteElo "2505"]
[BlackElo "2465"]
[PlyCount "31"]
[EventDate "1996.??.??"]
[Source "ChessBase"]

1. e4 c5 2. Nf3 d6 3. d4 cxd4 4. Nxd4 Nf6 5. Nc3 Nc6 6. Bg5 Bd7 7. Be2 Qa5 8. Bxf6 gxf6 9. O-O Nxd4 10. Qxd4 Rc8 11. Kh1 Qc5 12. Qd3 Bg7 13. Qg3 Qg5 14. Qd3 Qc5 15. Qg3 Qg5 16. Qd3 1/2-1/2

[Event "TCh-CHN Men, Suzhou, Jiangsu CHN"]
[Site "?"]
[Date "2001.??.??"]
[Round "3"]
[White "Chen Fan"]
[Black "Wang Zili"]
[Result "0-1"]
[WhiteElo "2385"]
[BlackElo "2580"]
[PlyCount "94"]
[EventDate "2001.??.??"]
[Source "www.chesslib.no"]
[SourceDate "2004.05.04"]

1. e4 c5 2. Nf3 d6 3. d4 cxd4 4. Nxd4 Nf6 5. Nc3 Nc6 6. Bg5 Bd7 7. Be2 Qa5 8. Bxf6 gxf6 9. O-O Rg8 10. Kh1 Qc5 11. Nb3 Qg5 12. Rg1 O-O-O 13. Bb5 f5 14. Nd4 fxe4 15. Nxe4 Qd5 16. Nxc6 bxc6 17. Bd3 Kc7 18. c4 Qd4 19. Qd2 f5 20. c5 Kb8 21. Qa5 Bh6 22. Qc3 Qxc3 23. Nxc3 d5 24. Rae1 Rde8 25. Re5 e6 26. Rge1 Bg7 27. f4 Bxe5 28. Rxe5 Kc7 29. b3 Rb8 30. g3 h5 31. Kg2 h4 32. Kf3 hxg3 33. hxg3 Rh8 34. Ne2 Rh2 35. Ke3 Rg8 36. Kd4 Rh1 37. Re3 Ra1 38. Nc3 Rh8 39. Bb1 Rh1 40. Bd3 Rhe1 41. Be2 Bc8 42. Rf3 Rac1 43. Bd3 Bd7 44. Rf2 Be8 45. b4 Rg1 46. Rb2 Rxg3 47. Rh2 e5+ 0-1

[Event "Rubinstein mem"]
[Site "Polanica Zdroj"]
[Date "1972.??.??"]
[Round "12"]
[White "Lutikov, Anatoly S"]
[Black "Cobo Arteaga, Eldis"]
[Result "1/2-1/2"]
[WhiteElo "2545"]
[BlackElo "2420"]
[PlyCount "59"]
[EventDate "1972.08.??"]
[Source "ChessBase"]

1. e4 c5 2. Nf3 d6 3. Nc3 Nf6 4. d4 cxd4 5. Nxd4 Nc6 6. Bg5 Bd7 7. Nb3 a6 8. Be2 b5 9. a3 e6 10. O-O Be7 11. Bxf6 gxf6 12. Bh5 Rg8 13. f4 Rg7 14. Kh1 Qc7 15. Qe1 Kf8 16. Rd1 Re8 17. Ne2 a5 18. Ng3 Qb6 19. Bf3 a4 20. Nc1 Na5 21. Rf2 Nc4 22. Nd3 Kg8 23. Nh5 Rg6 24. Re2 Kh8 25. e5 dxe5 26. Nxe5 Nxe5 27. fxe5 Bc6 28. Bxc6 Qxc6 29. exf6 Bxf6 30. Nxf6 1/2-1/2

[Event "Leningrad"]
[Site "Leningrad"]
[Date "1989.??.??"]
[Round "?"]
[White "Aseev, Konstantin N"]
[Black "Vera, Reynaldo"]
[Result "1/2-1/2"]
[WhiteElo "2485"]
[BlackElo "2470"]
[PlyCount "80"]
[EventDate "1989.06.??"]
[Source "ChessBase"]

1. e4 c5 2. Nf3 d6 3. d4 cxd4 4. Nxd4 Nf6 5. Nc3 Nc6 6. Bg5 Bd7 7. f4 Qb6 8. Nb3 Ng4 9. Qe2 Nd4 10. Qd2 Nxb3 11. axb3 e6 12. Bd3 h6 13. Bh4 Be7 14. Bxe7 Kxe7 15. h3 Nf6 16. e5 dxe5 17. fxe5 Nd5 18. Nxd5+ exd5 19. Qf4 g5 20. Qf3 Qb4+ 21. Kd1 Be6 22. Qf2 Kd7 23. Rxa7 d4 24. Rxa8 Rxa8 25. Re1 Ra1+ 26. Ke2 Ra2 27. Rd1 Qc5 28. Be4 Qxe5 29. Qxd4+ Qxd4 30. Rxd4+ Kc7 31. Bd5 Rxb2 32. Bxe6 fxe6 33. Rd2 Rb1 34. Kf3 b5 35. Kg4 Rf1 36. Kh5 Rf6 37. c3 Kc6 38. Rd8 e5 39. Re8 Kd5 40. Rb8 Kc5 1/2-1/2

[Event "Tch (Men) 2005/2006 NED"]
[Site "?"]
[Date "2005.11.05"]
[Round "3"]
[White "Van den Doel Erik"]
[Black "Van de Oudeweetering Arthur"]
[Result "1-0"]
[WhiteElo "2582"]
[BlackElo "2371"]
[PlyCount "51"]
[EventDate "2005.??.??"]
[Source "www.chesslib.no"]
[SourceDate "2004.05.04"]

1. e4 c5 2. Nf3 d6 3. d4 cxd4 4. Nxd4 Nf6 5. Nc3 Nc6 6. Bg5 Bd7 7. Be2 Qa5 8. Bxf6 gxf6 9. O-O Nxd4 10. Qxd4 Rc8 11. Nd5 Qc5 12. Qd3 Qxc2 13. Qe3 Bh6 14. Qxh6 Qxe2 15. Qg7 Rf8 16. Qxh7 Qg4 17. Rac1 Rxc1 18. Rxc1 Bc6 19. b4 Kd8 20. b5 Bxb5 21. h3 Qg6 22. Rc8+ Kxc8 23. Nxe7+ Kb8 24. Nxg6 fxg6 25. Qxg6 Bc4 26. h4 1-0

[Event "Budapest FS08 GM"]
[Site "Budapest"]
[Date "1999.08.19"]
[Round "13"]
[White "Bokros, Albert"]
[Black "Varga, Zoltan"]
[Result "1/2-1/2"]
[WhiteElo "2405"]
[BlackElo "2541"]
[PlyCount "105"]
[EventDate "1999.08.05"]
[Source "ChessBase"]
[SourceDate "1999.09.14"]

1. e4 c5 2. Nf3 d6 3. d4 cxd4 4. Nxd4 Nf6 5. Nc3 Nc6 6. Bg5 Bd7 7. Bxf6 gxf6 8. Nf5 Qa5 9. Bb5 Rg8 10. O-O a6 11. Bxc6 bxc6 12. Qd3 Rb8 13. b3 c5 14. Rad1 Bc6 15. Rfe1 Rg5 16. Re3 Rd8 17. Rh3 h5 18. f4 Rg4 19. Qe3 e6 20. Ng3 h4 21. Nge2 Kd7 22. Qf3 f5 23. a4 Kc7 24. Qd3 fxe4 25. Nxe4 Be7 26. Re3 Rdg8 27. g3 d5 28. Nf2 R4g7 29. Kf1 Bf6 30. c3 Rb8 31. Qc2 Kb7 32. Nd3 d4 33. cxd4 cxd4 34. Ne5 Bxe5 35. Rxe5 hxg3 36. Rxa5 gxh2 37. Qxc6+ Kxc6 38. Kf2 Rbg8 39. Nxd4+ Kb6 40. Rg5 Rxg5 41. fxg5 Rxg5 42. Rh1 Rg4 43. Ke3 Rg2 44. Nf3 Kc5 45. Nxh2 Kb4 46. Nf3 Kxb3 47. Rh4 Ra2 48. Nd2+ Kc3 49. Ne4+ Kb4 50. Nd6+ Kb3 51. Nxf7 Rxa4 52. Rxa4 Kxa4 53. Nd8 1/2-1/2

[Event "Wichern Open 3rd"]
[Site "Hamburg GER"]
[Date "1995.??.??"]
[Round "3"]
[White "Lutz, Christopher"]
[Black "Weindl, Alfred"]
[Result "1-0"]
[WhiteElo "2560"]
[BlackElo "2385"]
[PlyCount "63"]
[EventDate "1995.09.??"]
[Source "www.chesslib.no"]
[SourceDate "2004.05.04"]

1. e4 c5 2. Nf3 Nc6 3. d4 cxd4 4. Nxd4 Nf6 5. Nc3 d6 6. Bg5 Bd7 7. Be2 Qa5 8. Bxf6 gxf6 9. O-O Nxd4 10. Qxd4 Rc8 11. a4 Qc5 12. Qd2 e6 13. Bb5 Bc6 14. Ra3 a6 15. Bxc6+ Rxc6 16. Rb3 Rb6 17. Ne2 Bg7 18. Rg3 Bf8 19. Rc3 Qb4 20. Qe3 Qa5 21. b3 Kd7 22. Rd1 Be7 23. Rc5 Qb4 24. Rc4 Qa5 25. Nd4 Rg8 26. g3 Qg5 27. f4 Qa5 28. Kg2 h5 29. h3 f5 30. exf5 Qd5+ 31. Qf3 Qxf3+ 32. Kxf3 1-0

[Event "Wch Seniors"]
[Site "Bad Liebenzell"]
[Date "1996.??.??"]
[Round "4"]
[White "Klovans, Janis"]
[Black "Katalymov, Boris N"]
[Result "0-1"]
[WhiteElo "2530"]
[BlackElo "2410"]
[PlyCount "102"]
[EventDate "1996.??.??"]
[Source "www.chesslib.no"]
[SourceDate "2004.05.04"]

1. e4 c5 2. Nf3 d6 3. d4 cxd4 4. Nxd4 Nf6 5. Nc3 Nc6 6. Bg5 Bd7 7. Nb3 a6 8. Qd2 e6 9. O-O-O b5 10. f4 b4 11. Bxf6 Qxf6 12. Ne2 Qd8 13. Ned4 Qb6 14. f5 e5 15. Nf3 Be7 16. Bc4 a5 17. Kb1 a4 18. Nc1 O-O 19. g4 Rfc8 20. Bd5 Rab8 21. g5 b3 22. c3 Nb4 23. a3 Nxd5 24. Qxd5 Qf2 25. Nd2 Bc6 26. Qd3 Bxg5 27. Ne2 Qe3 28. Qxe3 Bxe3 29. Ng3 Bb5 30. Nf3 Rd8 31. Rd5 Bc6 32. Rd3 Bf2 33. Nd2 d5 34. Rf1 Bxg3 35. Rxg3 dxe4 36. Kc1 Rd3 37. Re1 Rbd8 38. Rxd3 Rxd3 39. Nxe4 f6 40. Nc5 Rd5 41. Ne4 Kf7 42. Ng3 Rd3 43. Rd1 Rxd1+ 44. Kxd1 g6 45. Kd2 Bd7 46. fxg6+ hxg6 47. Ne4 Bc6 48. Nc5 g5 49. c4 f5 50. Nd3 Ke6 51. Nb4 Kd6 0-1